Statistics for Country Shapes Quiz #2

Click here to take the quiz!

General Stats

  • This quiz has been taken 40 times
  • The average score is 13 of 15

Answer Stats

QuestionAnswer% Correct
Which is Canada?
100%
Which is China?
97%
Which is Russia?
97%
Which is France?
95%
Which is Brazil?
95%
Which is Chile?
95%
Which is Australia?
95%
Which is UK?
95%
Which is Indonesia?
95%
Which is India?
95%
Which is argentina?
92%
Which is Ireland?
92%
Which is Burma?
77%
Which is Sri Lanka?
77%
Which is Saint Kitts and Nevis?
38%

Score Distribution

Percentile by Number Answered

Percent of People with Each Score

Your Score History

You have not taken this quiz